[Event "Challenge"]
[Site "http://www.queenalice.com/game.php?id=278586"]
[Date "2007.9.29"]
[Round "-"]
[White "cirolo"]
[Black "ilestlibremax"]
[Result "0-1"]
[WhiteElo "1282"]
[BlackElo "1500"]

1. e4 e6 2. Bc4 d5 3. Bb5+ Bd7 4. Bd3 dxe4 5. Bxe4 Nf6 6. Bxb7 Nc6 7. Bxa8 Qxa8
8. f3 Be7 9. c3 O-O 10. g4 h6 11. d4 Re8 12. h4 Nd5 13. g5 hxg5 14. hxg5 g6 15.
f4 Kg7 16. Qf3 Rh8 17. Nh3 Na5 18. b4 Nc4 19. Nd2 Nxd2 20. c4 Nxf3+ 21. Kf2 Nxd4
0-1

[Event "Challenge"]
[Site "http://www.queenalice.com/game.php?id=280433"]
[Date "2007.10.2"]
[Round "-"]
[White "cirolo"]
[Black "carloscolangelo"]
[Result "1-0"]
[WhiteElo "1266"]
[BlackElo "1346"]

1. e4 g6 2. c3 e6 3. d4 c5 4. Bb5 a6 5. Bf1 b5 6. Bf4 g5 7. Be5 Nf6 8. Qf3 d6 9.
Bxf6 Rg8 10. Bxd8 Kxd8 11. Qf6+ Be7 12. Qxf7 Rf8 13. Qxh7 cxd4 14. cxd4 e5 15.
Nf3 Bf6 16. Qh6 Ke8 17. Nxg5 Rf7 18. Nxf7 Kxf7 19. Be2 Bg7 20. Bh5+ Kg8 21. Qxd6
Bf8 22. Qg6+ Kh8 23. O-O exd4 24. Qe8 Bd7 25. Qxf8+ Kh7 26. g4 Bc6 27. g5 Nd7
28. g6# 1-0

[Event "Challenge"]
[Site "http://www.queenalice.com/game.php?id=280507"]
[Date "2007.10.3"]
[Round "-"]
[White "cirolo"]
[Black "Caisso"]
[Result "0-1"]
[WhiteElo "1268"]
[BlackElo "2106"]

1. e4 e6 2. d4 d5 3. Bd3 dxe4 4. Bxe4 Nf6 5. Bg5 Be7 6. Bd3 Nc6 7. c3 e5 8. Qf3
e4 9. Bxe4 Nxe4 10. Qxe4 O-O 11. h4 Bxg5 12. f4 Re8 13. Nd2 Bxh4+ 14. Kf1 Rxe4
15. Nxe4 Bf5 16. Rxh4 Qxh4 17. Re1 Qxf4+ 18. Nf3 Bxe4 19. g3 Qxf3+ 0-1

[Event "Challenge"]
[Site "http://www.queenalice.com/game.php?id=280510"]
[Date "2007.10.3"]
[Round "-"]
[White "cirolo"]
[Black "nallpinheiro"]
[Result "0-1"]
[WhiteElo "1285"]
[BlackElo "1419"]

1. e4 e5 2. Qf3 Nc6 3. Bc4 Nh6 4. d3 f6 5. Qh5+ g6 6. Qf3 Bb4+ 7. c3 Bc5 8. Bxh6
g5 9. Qh5+ Ke7 10. Qf7+ Kd6 11. Qd5+ Ke7 12. Qxc5+ d6 13. Qe3 Qe8 14. Bg7 Na5
15. Qf3 Qg6 16. Bxh8 Bd7 17. Bd5 Rxh8 18. b4 Nc6 19. a4 a6 20. Nh3 g4 21. Qe3
gxh3 22. gxh3 Qg2 23. Rf1 Qxh2 24. b5 axb5 25. axb5 Nd8 26. Ra8 Bxh3 27. Nd2
Bxf1 28. Nxf1 Qh1 29. Bxb7 Rg8 30. Qc1 Rg1 31. Ke2 Qh5+ 32. Ke1 Qf3 33. Qd1
Rxf1+ 34. Kxf1 Qxd1+ 35. Kg2 Nxb7 36. Ra7 Nd8 37. Rxc7+ Ke8 38. b6 Qb1 39. Rxh7
Qxb6 40. Rh8+ Kd7 41. Rh7+ Kc8 42. Rh1 Qb2 43. Kg3 Qxc3 44. Rd1 Ne6 45. Rh1
Qxd3+ 46. Kg2 Qxe4+ 47. Kg1 Nf4 48. Rh8+ Kc7 49. Rg8 Qe1+ 50. Kh2 Qxf2+ 51. Kh1
e4 52. Rg6 Qh4+ 53. Kg1 e3 54. Rg7+ Kc6 55. Ra7 Kb6 56. Re7 e2 57. Rxe2 Nxe2+
58. Kg2 Qg3+ 0-1

[Event "Challenge"]
[Site "http://www.queenalice.com/game.php?id=280515"]
[Date "2007.10.3"]
[Round "-"]
[White "cirolo"]
[Black "fatharry"]
[Result "0-1"]
[WhiteElo "1292"]
[BlackElo "2047"]

1. e4 e5 2. Bc4 Nf6 3. Qf3 Bc5 4. Nh3 Nc6 5. Ng5 O-O 6. Qh3 d5 7. exd5 Bxh3 8.
gxh3 Nxd5 9. Bd3 Qxg5 10. c4 Nf4 11. Bf1 Qh4 12. d4 Nxd4 13. Rg1 Nf3+ 0-1

[Event "Challenge"]
[Site "http://www.queenalice.com/game.php?id=281191"]
[Date "2007.10.4"]
[Round "-"]
[White "cirolo"]
[Black "carloscolangelo"]
[Result "1-0"]
[WhiteElo "1274"]
[BlackElo "1332"]

1. e4 e5 2. d4 exd4 3. Qxd4 c5 4. Qa4 a6 5. Qb3 d6 6. Qd5 Be6 7. Qd1 Nf6 8. Bg5
h6 9. Bh4 g5 10. Bg3 Bg4 11. f3 Bh5 12. Be2 Bg7 13. c3 O-O 14. Qc2 g4 15. Qd3
gxf3 16. gxf3 b5 17. Bxd6 c4 18. Qd1 Re8 19. e5 Nh7 20. Qd5 Bxe5 21. Qxa8 Bxd6
22. Nd2 Bf4 23. O-O-O Qd7 24. Nh3 Qxh3 25. Qd5 Nf6 26. Rhg1+ Bg6 27. Rxg6+ Kh7
28. Rxf6 Rxe2 29. Rxf7+ Kg6 30. Rg1+ Rg2 31. Rxg2+ Qxg2 32. Qf5# 1-0

[Event "Challenge"]
[Site "http://www.queenalice.com/game.php?id=281854"]
[Date "2007.10.6"]
[Round "-"]
[White "cirolo"]
[Black "carloscolangelo"]
[Result "0-1"]
[WhiteElo "1302"]
[BlackElo "1314"]

1. e4 e5 2. Qf3 Nh6 3. Bc4 a6 4. d4 b5 5. Bb3 d6 6. Bxh6 Qf6 7. Bd5 c6 8. Bb3
Qxf3 9. Nxf3 gxh6 10. dxe5 dxe5 11. Nxe5 Be6 12. c4 Bb4+ 13. Nc3 O-O 14. O-O Nd7
15. Nd3 bxc4 16. Nxb4 cxb3 17. axb3 Bxb3 18. Nxc6 Rfe8 19. Ra3 Bc4 20. Rd1 Nf6
21. Rd6 Nxe4 22. Rxh6 Nxc3 23. Rxc3 Re1# 0-1

[Event "Challenge"]
[Site "http://www.queenalice.com/game.php?id=283293"]
[Date "2007.10.9"]
[Round "-"]
[White "cirolo"]
[Black "nallpinheiro"]
[Result "1-0"]
[WhiteElo "1286"]
[BlackElo "1426"]

1. e4 e5 2. Bc4 Nc6 3. Qf3 Nh6 4. d3 g5 5. Nh3 d6 6. Bxg5 f6 7. Bxf6 Be7 8. Bxh8
Nd4 9. Qd1 Bxh3 10. gxh3 Qd7 11. Qh5+ Kd8 12. Rg1 Nxc2+ 13. Kf1 Nxa1 14. Qxh6
Qa4 15. Be6 c5 16. Nc3 Qc2 17. Rg8+ Kc7 18. Rxa8 Qxd3+ 19. Ne2 Qxe4 20. Rc8+ Kb6
21. Ng3 Qd3+ 22. Kg2 Nc2 23. Qc1 Bh4 24. Rg8 Nd4 25. Qh6 Qf3+ 26. Kf1 Ne2 27.
Qxh4 Qd3 28. Qd8+ Ka6 29. Nxe2 Qd1+ 30. Kg2 Qxe2 31. Qxd6+ b6 32. Bc8+ Ka5 33.
Rg4 e4 34. Bc3+ Kb5 35. Qe7 Qf3+ 36. Kg1 Qxh3 37. Qd7+ Kc4 38. Rxe4# 1-0

[Event "Challenge"]
[Site "http://www.queenalice.com/game.php?id=283603"]
[Date "2007.10.9"]
[Round "-"]
[White "cirolo"]
[Black "carloscolangelo"]
[Result "1-0"]
[WhiteElo "1308"]
[BlackElo "1330"]

1. e4 e5 2. Nc3 Bc5 3. Nf3 Nf6 4. Bb5 c6 5. Bf1 Ng4 6. d4 exd4 7. Nxd4 Qf6 8.
Nce2 Qxf2+ 9. Kd2 Bxd4 10. c3 Bc5 11. b4 Be3+ 12. Kc2 Bxc1 13. Kxc1 Ne3 14. Qd4
Qe1+ 15. Kb2 Nxf1 16. Rxe1 Nd2 17. Qxd2 O-O 18. Rhf1 g6 19. Qh6 Re8 20. Rf4 d5
21. Rh4 dxe4 22. Qxh7+ Kf8 23. Rf4 Be6 24. Ref1 Re7 25. Qh8# 1-0

[Event "Challenge"]
[Site "http://www.queenalice.com/game.php?id=283785"]
[Date "2007.10.9"]
[Round "-"]
[White "cirolo"]
[Black "nallpinheiro"]
[Result "0-1"]
[WhiteElo "1325"]
[BlackElo "1427"]

1. b4 e5 2. Bb2 Nc6 3. a3 d6 4. Nc3 Be6 5. b5 Na5 6. Ne4 Nc4 7. Bc3 Qd7 8. a4
Nb6 9. e3 Be7 10. d4 exd4 11. Bxd4 Nd5 12. Bxg7 Bg4 13. f3 Bf5 14. Nf2 Nxe3 15.
Qe2 Nxc2+ 16. Kd1 Nxa1 17. Bxh8 f6 18. Qa2 Nc2 19. Qxg8+ Bf8 20. Bg7 Qxg7 21.
Qb3 Qe7 22. Nd3 Ne3+ 23. Ke1 Nxg2+ 24. Kf2 Nh4 25. Qd5 Bh6 26. Qxb7 Qe3+ 27. Kg3
Rc8 28. Qc6+ Bd7 29. Qc4 Qg5+ 30. Kf2 Qd2+ 31. Kg3 Nf5+ 32. Kh3 Ne3+ 33. Qg4
Bxg4+ 34. fxg4 Nxf1 0-1

[Event "Challenge"]
[Site "http://www.queenalice.com/game.php?id=284251"]
[Date "2007.10.10"]
[Round "-"]
[White "cirolo"]
[Black "carloscolangelo"]
[Result "1-0"]
[WhiteElo "1313"]
[BlackElo "1313"]

1. e4 e5 2. Nf3 Bc5 3. Nc3 Nf6 4. Nxe5 d6 5. Ng4 Nxg4 6. Bc4 Nxf2 7. Qf3 O-O 8.
Nd5 Nxh1 9. d3 Bf2+ 10. Kf1 Qh4 11. Nxc7 Bg4 12. Qf4 Nd7 13. Nxa8 Ng3+ 14. hxg3
Qh1+ 15. Kxf2 Qh5 16. Nc7 Bd1 17. d4 g5 18. Qxd6 Nb6 19. Ne6 Nxc4 20. Qxf8# 1-0

[Event "Challenge"]
[Site "http://www.queenalice.com/game.php?id=284440"]
[Date "2007.10.11"]
[Round "-"]
[White "cirolo"]
[Black "carloscolangelo"]
[Result "0-1"]
[WhiteElo "1329"]
[BlackElo "1312"]

1. e4 e5 2. b4 Bxb4 3. c3 Bc5 4. d4 exd4 5. cxd4 Bb6 6. Nc3 Nc6 7. d5 Nd4 8. Bc4
d6 9. Nh3 c6 10. O-O cxd5 11. Bxd5 Nf6 12. Bc4 Bg4 13. f3 Bh5 14. Qa4+ Nd7 15.
Bg5 Qc7 16. Nd5 Qc6 17. Qb4 Nc2+ 18. Kh1 Nxb4 19. Ne7 Qxc4 20. Rac1 Qxa2 21. Nf4
h6 22. Ra1 Qc4 23. Rac1 Nc2 24. Nxh5 hxg5 25. Rf2 Bxf2 0-1

[Event "Challenge"]
[Site "http://www.queenalice.com/game.php?id=288271"]
[Date "2007.10.17"]
[Round "-"]
[White "cirolo"]
[Black "carloscolangelo"]
[Result "1-0"]
[WhiteElo "1324"]
[BlackElo "1329"]

1. e4 e5 2. Qh5 Qf6 3. b3 Bc5 4. f3 g6 5. Qg4 Nh6 6. Qh3 g5 7. Bb2 d6 8. Qg3 O-O
9. Nc3 g4 10. Nd5 Qd8 11. h3 c6 12. Ne3 d5 13. Qxe5 Bd6 14. Qh8# 1-0

[Event "Challenge"]
[Site "http://www.queenalice.com/game.php?id=288356"]
[Date "2007.10.17"]
[Round "-"]
[White "cirolo"]
[Black "nallpinheiro"]
[Result "0-1"]
[WhiteElo "1340"]
[BlackElo "1444"]

1. e4 e5 2. Qh5 Qf6 3. b4 Bxb4 4. Bb2 Qc6 5. Nc3 Bxc3 6. Bxc3 Qxe4+ 7. Ne2 Qxc2
8. Qxe5+ Ne7 9. Qxc7 Na6 10. Qg3 Nf5 11. Qe5+ Ne7 12. Qxg7 Rg8 13. Qe5 d6 14.
Qxd6 Rg6 15. Qf4 Nc5 16. Nd4 Nd3+ 17. Bxd3 Qxd3 18. O-O-O Nd5 19. Rhe1+ Re6 20.
Qg5 Nxc3 21. Re3 Qb1# 0-1

[Event "Challenge"]
[Site "http://www.queenalice.com/game.php?id=288570"]
[Date "2007.10.18"]
[Round "-"]
[White "cirolo"]
[Black "carloscolangelo"]
[Result "0-1"]
[WhiteElo "1340"]
[BlackElo "1308"]

1. e4 Nf6 2. d3 e5 3. Bg5 h6 4. Bc1 Bc5 5. Nf3 Ng4 6. d4 exd4 7. Nxd4 Nc6 8. Nf5
Nxf2 9. Nxg7+ Kf8 10. Qd5 Nxh1 11. Bc4 Qf6 12. Qxc5+ d6 13. Qd5 Qxg7 14. b3 Be6
15. Qb5 Bxc4 16. Qxb7 Re8 17. Qxc6 Qxa1 18. Qxc7 Rxe4+ 19. Kd2 Re2+ 20. Kd1 Nf2#
0-1

[Event "Challenge"]
[Site "http://www.queenalice.com/game.php?id=293466"]
[Date "2007.10.26"]
[Round "-"]
[White "cirolo"]
[Black "carloscolangelo"]
[Result "0-1"]
[WhiteElo "1345"]
[BlackElo "1325"]

1. e4 e5 2. Qh5 Bc5 3. Qxe5+ Qe7 4. Qxg7 Qf6 5. Qg3 Nh6 6. d4 Bxd4 7. Bxh6 Bxb2
8. c3 Qxh6 9. Qe5+ Qe6 10. Qxh8+ Ke7 11. Nd2 Bxa1 12. Qxc8 a5 13. Qxb7 Ra6 14.
Qxb8 Rd6 15. Bc4 Qe5 16. Ngf3 Qxc3 17. O-O Qf6 18. e5 Bxe5 19. Re1 Qh6 20. Rxe5+
Kf6 21. Ne4+ Kg6 22. Qg8+ Qg7 23. Bxf7+ Kh6 24. Nxd6 cxd6 25. Rxa5 Qa1+ 26. Ne1
Qxe1# 0-1

[Event "Challenge"]
[Site "http://www.queenalice.com/game.php?id=296110"]
[Date "2007.10.31"]
[Round "-"]
[White "charlao"]
[Black "cirolo"]
[Result "0-1"]
[WhiteElo "1492"]
[BlackElo "1328"]

1. e4 e5 2. Bc4 f6 3. Qh5+ g6 4. Qg4 Nh6 5. Qg3 b6 6. d3 Bb4+ 7. c3 Bc5 8. Bxh6
Qe7 9. Nf3 Ba6 10. Nh4 Bxc4 11. Nxg6 hxg6 12. Qxg6+ Bf7 13. Qg7 Rg8 14. Qh7 Rxg2
15. Qh8+ Bg8 16. Kf1 Rg4 17. Rg1 Qh7 18. Qxf6 Qf7 19. Qxe5+ Qe6 20. Qh5+ Qg6 21.
Qxg4 Qxg4 22. Rxg4 Be6 23. Rf4 Bh3+ 24. Kg1 Nc6 25. b4 Bd6 26. Rf3 Bg4 27. Re3
O-O-O 28. Na3 Rh8 29. h3 Be6 30. Nb5 Rxh6 31. Nxd6+ cxd6 32. Rf3 Bxh3 33. Rf8+
Kc7 34. a4 Ne5 35. Ra8 Nf3+ 36. Kh1 Bf1# 0-1

[Event "Challenge"]
[Site "http://www.queenalice.com/game.php?id=296155"]
[Date "2007.10.31"]
[Round "-"]
[White "cirolo"]
[Black "carloscolangelo"]
[Result "1-0"]
[WhiteElo "1351"]
[BlackElo "1342"]

1. Nf3 Nc6 2. Nc3 e5 3. e4 Bc5 4. Na4 Bb6 5. d4 exd4 6. Nxb6 axb6 7. Nxd4 Nf6 8.
Bg5 h6 9. Bh4 g5 10. Bg3 h5 11. Nxc6 bxc6 12. Be5 O-O 13. Qf3 g4 14. Qf5 d6 15.
Qg5+ Kh7 16. Bxf6 Qe8 17. Qg7# 1-0

[Event "Challenge"]
[Site "http://www.queenalice.com/game.php?id=296297"]
[Date "2007.11.1"]
[Round "-"]
[White "cirolo"]
[Black "carloscolangelo"]
[Result "0-1"]
[WhiteElo "1367"]
[BlackElo "1326"]

1. e4 e5 2. Qf3 Bc5 3. Bc4 Qf6 4. Qh5 g6 5. Qg4 h5 6. Qh3 Nc6 7. g4 d6 8. Ne2
Bxg4 9. Qg3 Bf3 10. Ng1 Bxh1 11. Qb3 Qxf2+ 12. Kd1 Qxg1+ 13. Ke2 Qf2+ 14. Kd1
Bf3+ 15. Be2 Qxe2# 0-1

[Event "Challenge"]
[Site "http://www.queenalice.com/game.php?id=299377"]
[Date "2007.11.6"]
[Round "-"]
[White "cirolo"]
[Black "carloscolangelo"]
[Result "0-1"]
[WhiteElo "1349"]
[BlackElo "1348"]

1. e4 e5 2. d4 exd4 3. Qxd4 c5 4. Qe5+ Qe7 5. Qd5 Nf6 6. Qd3 Nxe4 7. f3 Ng5+ 8.
Be3 b6 9. f4 Ne6 10. Nc3 Nxf4 11. Qd2 Bb7 12. O-O-O g5 13. Re1 Ne6 14. Nd5 Bxd5
15. Bxg5 f6 16. Qxd5 Nc6 17. Bd2 Bg7 18. Be2 O-O 19. Bd3 f5 20. Bxf5 Qf6 21. Rf1
Qxb2+ 22. Kd1 Qb1+ 23. Ke2 Qb5+ 24. c4 Qa4 25. Bxe6+ dxe6 26. Qxe6+ Kh8 27. Ra1
Rae8 28. Qxe8 Rxe8+ 29. Kf1 Bxa1 30. Ne2 Qxc4 31. Kf2 Rf8+ 32. Nf4 Bd4+ 33. Be3
Qxa2+ 34. Kf3 Bxe3 35. Kxe3 Re8+ 36. Kf3 Nd4+ 37. Kg4 Ne6 38. Re1 Kg8 39. Re2
Qc4 40. g3 Kf8 41. h4 Nxf4 42. Rxe8+ Kxe8 43. gxf4 Qg8+ 44. Kf3 c4 45. Ke3 c3
46. Kd3 Qg3+ 47. Kc2 b5 48. Kb3 Qd3 49. h5 c2+ 50. Kb2 Qc4 51. Kc1 b4 52. f5 b3
53. Kb2 c1=Q# 0-1

[Event "Challenge"]
[Site "http://www.queenalice.com/game.php?id=301221"]
[Date "2007.11.9"]
[Round "-"]
[White "charlao"]
[Black "cirolo"]
[Result "0-1"]
[WhiteElo "1550"]
[BlackElo "1333"]

1. e4 Nf6 2. e5 Nd5 3. Bc4 e6 4. Bxd5 exd5 5. d4 f6 6. Nc3 fxe5 7. dxe5 c6 8.
Qh5+ g6 9. Qf3 d6 10. exd6 Qxd6 11. Nb5 cxb5 12. Qe3+ Be7 13. b3 O-O 14. Qd3
Qe5+ 15. Kd1 Rxf2 16. Be3 Qxa1+ 17. Bc1 Bg4+ 18. Ke1 Rf7 19. Qxd5 Qxc1+ 0-1

[Event "Challenge"]
[Site "http://www.queenalice.com/game.php?id=301347"]
[Date "2007.11.9"]
[Round "-"]
[White "cirolo"]
[Black "carloscolangelo"]
[Result "0-1"]
[WhiteElo "1358"]
[BlackElo "1371"]

1. e4 Nf6 2. Bc4 Nxe4 3. Qf3 Nd6 4. Bd5 e6 5. Qe3 Nf5 6. Qe4 c6 7. Bb3 d5 8. Qa4
b5 9. Qg4 h5 10. Qd1 c5 11. c4 dxc4 12. Bc2 Nd4 13. Be4 Nbc6 14. Nc3 b4 15. Nb5
Rb8 16. Nxd4 Nxd4 17. Qa4+ Bd7 18. Qxa7 Bc6 0-1

[Event "Challenge"]
[Site "http://www.queenalice.com/game.php?id=318815"]
[Date "2007.12.12"]
[Round "-"]
[White "cirolo"]
[Black "carloscolangelo"]
[Result "1-0"]
[WhiteElo "1343"]
[BlackElo "1453"]

1. e4 e5 2. Bc4 Bc5 3. Qh5 Nh6 4. Qxe5+ Qe7 5. Qxg7 Qxe4+ 6. Kf1 Bd4 7. Qxh6 d6
8. Qh5 O-O 9. d3 Qe5 10. Qh4 Re8 11. Nf3 Qe7 12. Qg3+ Kf8 13. Bh6+ Bg7 14. Qxg7#
1-0